000 00891nam a2200265 i 4500
001 133959
003 ES-MaACL
005 20230906194552.0
007 t|
008 041129s1987 sp ||||1| spa d
020 _a84-339-2501-6
080 _a323.118(430.1)
080 _a321.1(430.1)
100 1 _aWallraff, Günter.
_9115974
245 1 0 _aCabeza de turco
_b: abajo del todo /
_cGünter Wallraff ; traducción de Pablo Sorozábal.
260 _aBarcelona :
_bAnagrama,
_c[1987]
300 _a235 p. :
_bil. ;
_c20 cm.
490 1 _aCrónicas Anagrama ;
_v1
650 4 _aDiscriminación racial-
_zAlemania (República Federal)
_911934
650 1 4 _aRelaciones laborales-
_zAlemania (República Federal)
_916788
700 1 _aSorozábal Serrano, Pablo.
_9107423
830 0 _aCrónicas Anagrama ;
_v1
_9180220
852 _aES-MaACL
_jL-11927
_bR.113856
999 _c133959
_d133959